000 00706cam a2200241 4500
008 090401t1991 xxu||||| |||| 00| 0 eng d
020 _a0632027150
035 _a(Sirsi) u67997
041 _aeng
050 _a333.33095
100 _aWalker, Anthony
245 _aProperty and construction in Asia Pacific: Hong Kong, Japan, Singapore.
260 _aLondon
_bBSP Professional Books
_c1991
300 _ax,229p. : ill. ; 25cm.
350 _a0
520 _aSponsored by Levett & Bailey, Chartered Surveyors, Hong Kong.
650 _aBUILDING INDUSTRY
650 _aPROPERTY MARKET
690 _aOVERSEAS-REST OF THE WORLD
700 _aFlanagan, Roger
942 _n0
948 _c04/03/1997
999 _c95060
_d95060